000 00316nam a2200121 a 4500
001 000041046
005 20201002034558.0
008 130916s1987 nq 000 0 spa d
040 _aDO-SdBNP
_bspa
_cBNPHU
245 0 0 _aPoesía Soviética.
260 _aManagua :
_bNueva Nicaragua,
_c1987.
300 _a719 p. ;
_c25 cm.
999 _c40536
_d40536